Responses for Show #2625 - Friday, January 19, 1996

Bill Dickenson game 4.

Contestants

[<< previous game]

Peter Williams, a computer services administrator from Pasadena, California

Mary Lou Rodgers, a sales clerk from Parma Heights, Ohio

Bill Dickenson, a college instructor from Richardson, Texas (whose 3-day cash winnings total $27,601)

[next game >>]

Jeopardy! Round responses

ASTRONOMY
ACTRESSES
FOLKLORE
LATIN QUOTATIONS
SMALL COUNTRIES
HODGEPODGE
    $100 1
Halley's Comet

Bill
    $100 6
Julia Roberts

Peter
    $100 8
The Blarney Stone

Bill
    $100 18
Never

Peter
    $100 13
Kuwait

Peter
    $100 26
The Olympic Games

Bill
    $200 2
Sun

Peter
    $200 7
Jane Seymour

Bill
    $200 9
Taxes

Peter
    $200 19
The grass

Peter
    $200 14
(P: What is Basque?)

Andorra

BillPeter
    $200 27
Tonto

Bill
    $300 3
(Lunar) Eclipse

Peter
    $300 23
Cannes

Peter
    $300 10
Troy

Peter
    $300 20
Time (tempus)

Bill
    $300 15
Trinidad

Bill
    $300 28
etymology

Peter
    $400 4
Orion

Peter
    $400 24
Nicole Kidman

Peter
    $400 11
(B: Who are Paul Bunyan & Blue?)
(A: No, it's not Blue the babe ox!)

Paul Bunyan & Babe

BillPeter
    $400 21
Truth

Peter
    $400 16
Brunei

Peter
    $400 29
Lion

Peter
    $500 5
(B: What is a quasar?)
(P: What is a sunspot?)

Pulsar

BillPeter
Triple Stumper
    $500 25
(A: Right for $500; $500, not $400)

Daryl Hannah

Mary Lou
    $500 12
The Phoenix

Bill
    $500 22
The die

Peter
    $500 17
(P: What is Nicaragua?)

El Salvador

Peter
    $500 30
Falcon

Bill

Scores at the first commercial break (after clue 15):

Bill Mary Lou Peter
$500 $0 $1,300

Scores at the end of the Jeopardy! Round:

Bill Mary Lou Peter
$1,600 $500 $3,800

Double Jeopardy! Round responses

AMERICAN INDIANS
MUSICAL INSTRUMENTS
BODIES OF WATER
NOTABLE WOMEN
LITERATURE
"X", "Y", "Z"
    $200 1
Salmon

Bill
    $200 11
Accordion

Bill
    $200 6
Gulf of Mexico

Peter
    $200 26
(less than a minute to go in the round...)

Indira Gandhi

Bill
    $200 16
Lewis Carroll (Charles L. Dodgson)

Peter
    $200 21
Yeast

Peter
    $400 2
Tepee

Bill
    $400 12
Kettle Drums

Bill
    $400 7
Dominican Republic

Bill
    $400 17
Ayn Rand

Peter
    $400 22
Yawning

Peter
    $600 3
Tobacco

Mary Lou
    $600 13
Ukulele

Bill
    $600 8
(B: What is Chesapeake Bay?)

Delaware Bay

Bill
Triple Stumper
    $600 27
Shirley Temple Black

Mary Lou
    $600 18
"Ulysses"

Peter
    $600 23
Yukon Territory

Mary Lou
    $800 4
Chief Joseph

Bill
    $800 14
Mandolin

Triple Stumper
    $800 9
Bay of Biscay

Bill
    $1,000 28
Prague (Czechoslovakia)

Mary Lou
    $800 19
Letters

Triple Stumper
    $800 24
Xerxes

Peter
    $1000 5
(P: Who are the Navajo?)

Hopi

Peter
Triple Stumper
    $1000 15
Recorder

Peter
    $1000 10
Lake Maracaibo

Mary Lou
    $1000 29
(Mary Lou: Who was Martha Graham?)
[The end-of-round signal sounds]

Agnes de Mille

Mary Lou
Triple Stumper
    $1000 20
"Remembrance of Things Past"

Peter
    $2,000 25
Zaire & Zimbabwe

Peter

Scores at the end of the Double Jeopardy! Round:

Bill Mary Lou Peter
$5,000 $3,300 $9,600

[wagering suggestions for these scores]

Final Jeopardy! Round responses

20th CENTURY LEADERS
[Peter's response was judged unacceptable.]
Mary LouWho David Ben G
$3,290
BillWho was BenGurion
$5,000
PeterWho is Gurion
$4,000
David Ben-Gurion

Final scores:

Bill Mary Lou Peter
$10,000 $10 $5,600
4-day champion: $37,601 3rd place: a Goodyear airship flight over Southern California 2nd place: a trip to Carmel, California & Pinseeker golf clubs

Game dynamics:

Coryat scores:

Bill Mary Lou Peter
$5,000 $3,100 $9,100
19 R,
3 W
6 R
(including 1 DD),
1 W
27 R
(including 1 DD),
4 W
(including 1 DD)

Combined Coryat: $17,200

[game clues] [game scores] [suggest correction]

Game tape date: Unknown
The J! Archive is created by fans, for fans. Scraping, republication, monetization, and malicious use prohibited; this site may use cookies and collect identifying information. See terms. The Jeopardy! game show and all elements thereof, including but not limited to copyright and trademark thereto, are the property of Jeopardy Productions, Inc. and are protected under law. This website is not affiliated with, sponsored by, or operated by Jeopardy Productions, Inc. Join the discussion at JBoard.tv.